|
|
|
|
| LEADER |
01637nam a2200505 4500 |
| 001 |
ocn897448783 |
| 003 |
OCoLC |
| 005 |
20170124071747.8 |
| 006 |
m o d |
| 007 |
cr ||||||||||| |
| 008 |
141121s2014 nju o 000 0 eng d |
| 040 |
|
|
|a UKMGB
|b eng
|c UKMGB
|d OCLCO
|d EBLCP
|d DG1
|d OCLCF
|d OCLCQ
|d DEBBG
|d OCLCQ
|d GrThAP
|
| 015 |
|
|
|a GBB4D4761
|2 bnb
|
| 016 |
7 |
|
|a 016955937
|2 Uk
|
| 020 |
|
|
|a 9781118778241
|q (electronic bk.)
|
| 020 |
|
|
|a 1118778243
|q (electronic bk.)
|
| 020 |
|
|
|a 9781118778210
|q (electronic bk.)
|
| 020 |
|
|
|a 1118778219
|q (electronic bk.)
|
| 029 |
1 |
|
|a CHBIS
|b 010442317
|
| 029 |
1 |
|
|a CHDSB
|b 006423110
|
| 029 |
1 |
|
|a CHVBK
|b 334096014
|
| 029 |
1 |
|
|a CHVBK
|b 338338845
|
| 029 |
1 |
|
|a DEBBG
|b BV043397334
|
| 029 |
1 |
|
|a GBVCP
|b 863147135
|
| 029 |
1 |
|
|a NZ1
|b 15913641
|
| 035 |
|
|
|a (OCoLC)897448783
|
| 050 |
|
4 |
|a R853 .S7
|
| 082 |
0 |
4 |
|a 610.724
|2 23
|
| 049 |
|
|
|a MAIN
|
| 100 |
1 |
|
|a Brown, Helen,
|d 1962-
|e author.
|
| 245 |
1 |
0 |
|a Applied mixed models in medicine /
|c Helen Brown, Robin Prescott.
|
| 250 |
|
|
|a Third edition.
|
| 264 |
|
1 |
|a Hoboken :
|b John Wiley & Sons,
|c 2014.
|
| 300 |
|
|
|a 1 online resource.
|
| 336 |
|
|
|a text
|b txt
|2 rdacontent
|
| 337 |
|
|
|a computer
|b c
|2 rdamedia
|
| 338 |
|
|
|a online resource
|b cr
|2 rdacarrier
|
| 490 |
0 |
|
|a Statistics in practice
|
| 588 |
0 |
|
|a CIP data; resource not viewed.
|
| 650 |
|
0 |
|a Medicine
|x Mathematical models.
|
| 650 |
|
7 |
|a Medicine
|x Mathematical models.
|2 fast
|0 (OCoLC)fst01014997
|
| 655 |
|
4 |
|a Electronic books.
|
| 700 |
1 |
|
|a Prescott, Robin,
|e author.
|
| 856 |
4 |
0 |
|u https://doi.org/10.1002/9781118778210
|z Full Text via HEAL-Link
|
| 994 |
|
|
|a 92
|b DG1
|